| 000 | 00463nam a2200193Ia 4500 | ||
|---|---|---|---|
| 005 | 20240823063036.0 | ||
| 008 | 240823s9999||||xx |||||||||||||| ||und|| | ||
| 041 | _aENGLISH | ||
| 082 | _A621.3 M4 | ||
| 100 | _a"Cathey,Jimmy J" | ||
| 245 | 0 | _aBasic Electrical Engineering | |
| 250 | _a1st | ||
| 260 |
_c1984 _b"Schaum,Newyork" |
||
| 500 | _aTRANSFERED | ||
| 650 |
_aElectrical _bElectrical |
||
| 700 | _a" Nasar, Syed A" | ||
| 942 | _cBK | ||
| 999 |
_c237306 _d237306 |
||